[Event "Niedersachsen-ch"]
[Site "Verden"]
[Date "2018.01.05"]
[Round "3"]
[White "Stotyn, Fabian"]
[Black "Lau, Udo"]
[Result "0-1"]
[WhiteElo "2213"]
[BlackElo "2064"]
[PlyCount "86"]
[EventDate "2018.01.04"]
[EventType "swiss"]
[EventRounds "7"]
[EventCountry "GER"]
[SourceTitle "EXT 2022"]
[Source "ChessBase"]
[SourceDate "2021.10.06"]
[SourceVersion "1"]
[SourceVersionDate "2021.10.06"]
[SourceQuality "1"]

1. e4 c5 2. Nf3 e6 3. d4 cxd4 4. Nxd4 a6 5. Be3 Qc7 6. Bd3 b5 7. 0-0 Bb7 8. Nd2 Nc6 9. a4 b4 10. Nxc6 Bxc6 11. a5 Nf6 12. Bb6 Qb7 13. Qe2 d5 14. e5 Nd7 15. Bd4 Nc5 16. Qe3 Nxd3 17. cxd3 Be7 18. f4 g6 19. Rfc1 0-0 20. g4 Kh8 21. Kf2 Rg8 22. Ke2 Rac8 23. h4 Bb5 24. Nf3 Rxc1 25. Rxc1 Rc8 26. f5 Rxc1 27. Qxc1 gxf5 28. gxf5 Qc6 29. Qxc6 Bxc6 30. f6 Bf8 31. Be3 h5 32. Ng5 Kg8 33. Nh3 Ba4 34. Kd2 Kh7 35. Nf4 b3 36. Ke2 Bb4 37. Bd2 Bc5 38. Bc3 d4 39. Be1 Ba3 40. Kf3 Bxb2 41. Bb4 Bc1 42. Nxe6 b2 43. Nf8+ Kg8 0-1

[Event "Niedersachsen-ch op-B"]
[Site "Verden"]
[Date "2017.01.07"]
[Round "5"]
[White "Lau, Udo"]
[Black "Steffens, Olaf"]
[Result "1-0"]
[WhiteElo "2163"]
[BlackElo "2250"]
[PlyCount "81"]
[EventDate "2017.01.05"]
[EventType "swiss"]
[EventRounds "7"]
[EventCountry "GER"]
[SourceTitle "CBM 187 Extra"]
[Source "ChessBase"]
[SourceDate "2018.11.04"]
[SourceVersion "1"]
[SourceVersionDate "2018.11.04"]
[SourceQuality "1"]

1. d4 b6 2. e4 Bb7 3. Nc3 e6 4. Nf3 d6 5. Bd3 Nd7 6. Qe2 a6 7. 0-0 g6 8. Re1 Bg7 9. Bg5 Ne7 10. Rad1 h6 11. Bc1 c5 12. d5 e5 13. a4 f5 14. Nd2 fxe4 15. Ndxe4 Qc7 16. Qg4 Nf8 17. Bb5+ Kf7 18. Bc6 Rd8 19. Qf3+ Kg8 20. Bxb7 Qxb7 21. Nf6+ Bxf6 22. Qxf6 Rh7 23. f4 Rf7 24. Qh4 exf4 25. Qxh6 Rf5 26. Qh4 g5 27. Qg4 Nfg6 28. Re6 Rdf8 29. Rxd6 Ne5 30. Qh5 g4 31. Qh6 f3 32. Qe6+ Kh7 33. Ne4 N7g6 34. Ng5+ Kg7 35. Rxb6 Qc7 36. Qxg6+ Nxg6 37. Ne6+ Kh7 38. Nxc7 fxg2 39. Kxg2 Rf2+ 40. Kg1 Nh4 41. Rh6+ 1-0

[Event "Niedersachsen-ch op-B"]
[Site "Verden"]
[Date "2017.01.06"]
[Round "4"]
[White "Herrmann, Andreas"]
[Black "Lau, Udo"]
[Result "1/2-1/2"]
[WhiteElo "2145"]
[BlackElo "2163"]
[PlyCount "59"]
[EventDate "2017.01.05"]
[EventType "swiss"]
[EventRounds "7"]
[EventCountry "GER"]
[SourceTitle "CBM 187 Extra"]
[Source "ChessBase"]
[SourceDate "2018.11.04"]
[SourceVersion "1"]
[SourceVersionDate "2018.11.04"]
[SourceQuality "1"]

1. d4 Nf6 2. Nf3 e6 3. c3 b6 4. Bf4 Bb7 5. Nbd2 Be7 6. h3 0-0 7. e3 Ne4 8. Be2 f5 9. 0-0 Nc6 10. Nxe4 fxe4 11. Nd2 d5 12. Bg4 Qd7 13. c4 Nxd4 14. Bh2 Nf5 15. Nxe4 Rad8 16. cxd5 Bxd5 17. Nc3 Bc4 18. Qxd7 Rxd7 19. Rfd1 Rxd1+ 20. Rxd1 c6 21. Bf3 Bf6 22. Bxc6 Bxc3 23. bxc3 Bxa2 24. Be5 Bc4 25. g4 Nh6 26. Rd4 Nf7 27. Bg3 b5 28. Rd7 a5 29. h4 a4 30. Ra7 1/2-1/2

[Event "GER-chT Seniors 25th"]
[Site "Magdeburg"]
[Date "2016.10.12"]
[Round "4.19"]
[White "Lau, Udo"]
[Black "Neumann, Joachim"]
[Result "0-1"]
[WhiteElo "2161"]
[BlackElo "2085"]
[PlyCount "128"]
[EventDate "2016.10.09"]
[EventType "team-swiss"]
[EventRounds "7"]
[EventCountry "GER"]
[SourceTitle "EXT 2019"]
[Source "ChessBase"]
[SourceDate "2018.10.10"]
[SourceVersion "1"]
[SourceVersionDate "2018.10.10"]
[SourceQuality "1"]
[WhiteTeam "Niedersachsen"]
[BlackTeam "Schleswig Holstein"]
[WhiteTeamCountry "GER"]
[BlackTeamCountry "GER"]

1. d4 Nf6 2. Nf3 e6 3. g3 d5 4. Bg2 Be7 5. 0-0 0-0 6. c4 dxc4 7. Na3 Nbd7 8. Nxc4 Nb6 9. Nxb6 axb6 10. Qc2 Nd5 11. Rd1 Nb4 12. Qb1 Bd7 13. a3 Nd5 14. Bd2 b5 15. e4 Nb6 16. Qc2 Ra4 17. Bf4 c6 18. Rac1 Rc4 19. Qe2 Qa8 20. Rxc4 Nxc4 21. d5 exd5 22. exd5 Re8 23. Qc2 Bf6 24. Bc1 Qc8 25. b3 Bf5 26. Qa2 Nb6 27. dxc6 bxc6 28. Be3 Nd5 29. Bd4 Bxd4 30. Nxd4 Nc3 31. Qd2 Nxd1 32. Nxf5 Qxf5 33. Qxd1 Qc5 34. Bf3 g6 35. Kg2 Re6 36. a4 bxa4 37. bxa4 Rd6 38. Qe1 Rd4 39. Qe8+ Kg7 40. Qxc6 Rc4 41. Qxc5 Rxc5 42. Be2 Rc2 43. Kf3 Ra2 44. Bb5 Kf6 45. h4 Ke5 46. Kg2 f5 47. Kf3 Ra3+ 48. Kg2 f4 49. g4 h6 50. Bc6 g5 51. h5 Kd4 52. Bb5 Rc3 53. Bd7 Rc7 54. Be8 Kd3 55. Kf3 Re7 56. Bb5+ Kd2 57. Kg2 Re4 58. Bc6 Rc4 59. Bb5 Rc3 60. Bd7 Ra3 61. Bc6 Ke1 62. Bb5 Ra2 63. Kf3 Rxf2+ 64. Ke4 Re2+ 0-1

[Event "GER-chT Seniors 25th"]
[Site "Magdeburg"]
[Date "2016.10.09"]
[Round "1.3"]
[White "Boettcher, Ulrich"]
[Black "Lau, Udo"]
[Result "0-1"]
[WhiteElo "2069"]
[BlackElo "2161"]
[PlyCount "86"]
[EventDate "2016.10.09"]
[EventType "team-swiss"]
[EventRounds "7"]
[EventCountry "GER"]
[SourceTitle "EXT 2019"]
[Source "ChessBase"]
[SourceDate "2018.10.10"]
[SourceVersion "1"]
[SourceVersionDate "2018.10.10"]
[SourceQuality "1"]
[WhiteTeam "Schleswig Holstein II"]
[BlackTeam "Niedersachsen"]
[WhiteTeamCountry "GER"]
[BlackTeamCountry "GER"]

1. c4 c5 2. Nc3 Nc6 3. Nf3 Nf6 4. d4 cxd4 5. Nxd4 g6 6. e4 d6 7. Be2 Bg7 8. Nb3 Be6 9. Be3 Rc8 10. c5 d5 11. exd5 Nxd5 12. Nxd5 Qxd5 13. 0-0 Qxd1 14. Raxd1 Bxb2 15. f4 0-0 16. Rd2 Bc3 17. Rc2 Bf6 18. Bc4 Bxc4 19. Rxc4 Rfd8 20. g4 Rd3 21. Re4 Rcd8 22. Kg2 Bg7 23. Rf2 f5 24. gxf5 gxf5 25. Re6 Kf7 26. Rxc6 bxc6 27. Re2 Bf6 28. Na5 Rc8 29. Kf2 Bd4 30. Nc4 Rxe3 31. Nxe3 Bxc5 32. Kf3 Bxe3 33. Kxe3 c5 34. Kd3 Rd8+ 35. Ke3 Rd4 36. Rc2 Re4+ 37. Kf3 c4 38. Rc3 Ke6 39. Ra3 Kd5 40. Rxa7 c3 41. Ra5+ Kd4 42. Ra8 c2 43. Rc8 Re3+ 0-1

[Event "GER CupT V3"]
[Site "Hamburg"]
[Date "2015.01.10"]
[Round "1.2"]
[White "Lau, Udo"]
[Black "Kololli, Kevin"]
[Result "0-1"]
[WhiteElo "2191"]
[BlackElo "2184"]
[PlyCount "92"]
[EventDate "2015.01.10"]
[EventType "team-k.o."]
[EventRounds "2"]
[EventCountry "GER"]
[SourceTitle "EXT 2019"]
[Source "ChessBase"]
[SourceDate "2018.10.10"]
[SourceVersion "1"]
[SourceVersionDate "2018.10.10"]
[SourceQuality "1"]
[WhiteTeam "Salzgitter"]
[BlackTeam "Luebeck"]
[WhiteTeamCountry "GER"]
[BlackTeamCountry "GER"]

1. d4 Nf6 2. g3 g6 3. Bg2 Bg7 4. e4 d6 5. Ne2 Nbd7 6. c4 0-0 7. Nbc3 e5 8. h3 exd4 9. Nxd4 Re8 10. Be3 Nc5 11. Qc2 a5 12. Nde2 c6 13. 0-0 Qe7 14. Bxc5 dxc5 15. Rad1 Qe5 16. f4 Qh5 17. f5 Nd7 18. Qd2 Ne5 19. b3 Bh6 20. Nf4 Qg5 21. Qf2 b6 22. Nd3 Qf6 23. Kh1 Bg7 24. Nxe5 Qxe5 25. fxg6 fxg6 26. Ne2 a4 27. Nf4 axb3 28. axb3 Ra3 29. Nd3 Qc7 30. Nc1 Bd4 31. Qf3 Be6 32. Rd3 Qe5 33. Ne2 Ra2 34. Rdd1 Ra3 35. Qd3 Rd8 36. Nf4 Bf7 37. Qc2 Rda8 38. Qd3 b5 39. Qf3 Bxc4 40. Nd3 Bxd3 41. Qf7+ Kh8 42. Rxd3 c4 43. Rdf3 R3a7 44. Qf4 Qxf4 45. gxf4 c3 46. Rd3 Ra1 0-1

[Event "Oberliga Nord W 1112"]
[Site "Germany"]
[Date "2012.04.15"]
[Round "9.5"]
[White "Lau, Udo"]
[Black "Bierenbroodspot, Paul"]
[Result "1/2-1/2"]
[WhiteElo "2179"]
[BlackElo "2179"]
[PlyCount "45"]
[EventDate "2011.10.02"]
[EventType "team-tourn"]
[EventRounds "9"]
[EventCountry "GER"]
[SourceTitle "EXT 2013"]
[Source "ChessBase"]
[SourceDate "2012.11.22"]
[SourceVersion "1"]
[SourceVersionDate "2012.11.22"]
[SourceQuality "1"]
[WhiteTeam "Salzgitter"]
[BlackTeam "Nordhorn Blanke"]
[WhiteTeamCountry "GER"]
[BlackTeamCountry "GER"]

1. d4 d5 2. c4 e6 3. e3 c6 4. Nf3 f5 5. Ne5 Nf6 6. Nd2 Qa5 7. a3 Nbd7 8. Nxd7 Bxd7 9. c5 b5 10. b4 Qd8 11. a4 a6 12. axb5 axb5 13. Rxa8 Qxa8 14. Bd3 Be7 15. 0-0 0-0 16. Nf3 Be8 17. Ne5 Nd7 18. Nxd7 Bxd7 19. Bd2 Qa2 20. Bc3 Ra8 21. Qa1 g5 22. Qxa2 Rxa2 23. Ra1 1/2-1/2

[Event "Oberliga Nord W 1112"]
[Site "Germany"]
[Date "2011.10.23"]
[Round "2.5"]
[White "Lau, Udo"]
[Black "List, Joachim"]
[Result "1/2-1/2"]
[WhiteElo "2179"]
[BlackElo "2205"]
[PlyCount "54"]
[EventDate "2011.10.02"]
[EventType "team-tourn"]
[EventRounds "9"]
[EventCountry "GER"]
[SourceTitle "EXT 2013"]
[Source "ChessBase"]
[SourceDate "2012.11.22"]
[SourceVersion "1"]
[SourceVersionDate "2012.11.22"]
[SourceQuality "1"]
[WhiteTeam "Salzgitter"]
[BlackTeam "Uelzen Post"]
[WhiteTeamCountry "GER"]
[BlackTeamCountry "GER"]

1. d4 g6 2. c4 Bg7 3. Nc3 c5 4. e3 Nf6 5. Nf3 0-0 6. Be2 cxd4 7. exd4 d5 8. c5 Nc6 9. 0-0 Ne4 10. Be3 Nxc5 11. dxc5 d4 12. Nxd4 Nxd4 13. Rc1 e5 14. Bc4 Bf5 15. b4 Rc8 16. Nb5 Nxb5 17. Bxb5 Qh4 18. Qa4 a6 19. Be2 Rfd8 20. Rfd1 Bf8 21. Qb3 Be6 22. Qb2 Bg7 23. Qb1 Bd5 24. a4 a5 25. bxa5 Qxa4 26. Qb6 Qc6 27. Qxc6 Bxc6 1/2-1/2

[Event "Niedersachsen-ch"]
[Site "Verden"]
[Date "2004.01.04"]
[Round "6.9"]
[White "Lau, Udo"]
[Black "Steinhorst, Ruediger"]
[Result "1/2-1/2"]
[WhiteElo "2175"]
[BlackElo "1925"]
[PlyCount "134"]
[EventDate "2004.01.02"]
[EventType "swiss"]
[EventRounds "7"]
[EventCountry "GER"]
[SourceTitle "EXT 2005"]
[Source "ChessBase"]
[SourceDate "2004.11.15"]
[SourceVersion "1"]
[SourceVersionDate "2004.11.15"]
[SourceQuality "1"]

1. d4 Nf6 2. Nf3 g6 3. c4 Bg7 4. Nc3 d5 5. cxd5 Nxd5 6. e3 c5 7. Bb5+ Nc6 8. 0-0 0-0 9. Bxc6 bxc6 10. Qa4 cxd4 11. exd4 Qb6 12. Bd2 Bf5 13. Nxd5 cxd5 14. Bc3 Rfc8 15. Rfe1 e6 16. h3 Rc4 17. Qa3 h5 18. Qb3 Qxb3 19. axb3 Rc7 20. Ra5 Rb7 21. Rea1 Bd3 22. Ne1 Bb5 23. Nc2 Bf8 24. Na3 Bxa3 25. bxa3 a6 26. Bb4 Rc8 27. Bc5 e5 28. a4 Bd3 29. b4 exd4 30. Bxd4 Rxb4 31. Rxd5 Re8 32. Rd6 Rb7 33. Bf6 Bc4 34. Rc1 Be2 35. Re1 Bb5 36. Rxe8+ Bxe8 37. Rxa6 Rb8 38. a5 Bb5 39. Ra7 Kf8 40. Kh2 Bc6 41. Rc7 Bb5 42. Kg3 Ra8 43. Bc3 Ra6 44. Rb7 Bc6 45. Bb4+ Kg7 46. Bc3+ Kf8 47. Rc7 Bb5 48. h4 Rc6 49. Bb4+ Kg7 50. Rb7 Ba6 51. Rb8 Kf6 52. Kf3 Ke5 53. Rd8 Kf5 54. Ke3 Ke5 55. g3 Ke6 56. Rd4 Ke5 57. Rd7 Ke6 58. Re7+ Kf6 59. Ra7 Ke6 60. Bd2 Bb5 61. Kf4 Rc4+ 62. Kg5 Rc5+ 63. Kh6 Rd5 64. Be3 Rd7 65. Ra8 Rd6 66. Rb8 Ba6 67. Kg7 Rc6 1/2-1/2

[Event "Niedersachsen-ch"]
[Site "Verden"]
[Date "2004.01.03"]
[Round "3.4"]
[White "Abel, Dennes"]
[Black "Lau, Udo"]
[Result "1/2-1/2"]
[WhiteElo "2047"]
[BlackElo "2175"]
[PlyCount "76"]
[EventDate "2004.01.02"]
[EventType "swiss"]
[EventRounds "7"]
[EventCountry "GER"]
[SourceTitle "EXT 2005"]
[Source "ChessBase"]
[SourceDate "2004.11.15"]
[SourceVersion "1"]
[SourceVersionDate "2004.11.15"]
[SourceQuality "1"]

1. d4 Nf6 2. c4 e6 3. Nf3 Bb4+ 4. Bd2 Qe7 5. g3 0-0 6. Bg2 Nc6 7. 0-0 Bxd2 8. Qxd2 d5 9. Ne5 Bd7 10. Nxd7 Qxd7 11. cxd5 exd5 12. Nc3 Rfe8 13. e3 Re7 14. a3 Ne4 15. Qc2 Nxc3 16. Qxc3 Nd8 17. b4 Ne6 18. Qb3 Rd8 19. Rac1 Qd6 20. Qa4 a6 21. b5 axb5 22. Qxb5 c6 23. Qb4 Qxb4 24. axb4 Nc7 25. Ra1 Kf8 26. Rfc1 Ke8 27. Bf1 Kd7 28. b5 Kd6 29. bxc6 bxc6 30. Rab1 Ne6 31. Rb6 Rc8 32. Ba6 Rcc7 33. Bb5 Nd8 34. Be2 Rb7 35. Rxb7 Rxb7 36. h4 Ra7 37. Bd3 h6 38. Kg2 Ra5 1/2-1/2

[Event "Niedersachsen-ch"]
[Site "Verden"]
[Date "2004.01.02"]
[Round "1.6"]
[White "Schirmer, Roland"]
[Black "Lau, Udo"]
[Result "0-1"]
[WhiteElo "1664"]
[BlackElo "2175"]
[PlyCount "38"]
[EventDate "2004.01.02"]
[EventType "swiss"]
[EventRounds "7"]
[EventCountry "GER"]
[SourceTitle "EXT 2005"]
[Source "ChessBase"]
[SourceDate "2004.11.15"]
[SourceVersion "1"]
[SourceVersionDate "2004.11.15"]
[SourceQuality "1"]

1. c4 e5 2. Nc3 Nc6 3. g3 Nf6 4. Bg2 Bc5 5. e3 d6 6. Nge2 Bg4 7. a3 a5 8. 0-0 0-0 9. Rb1 Qd7 10. Ne4 Nxe4 11. Bxe4 f5 12. Bg2 f4 13. f3 Bf5 14. Ra1 Bd3 15. b3 Qf5 16. Kh1 Bc2 17. Qe1 fxe3 18. dxe3 Bxb3 19. e4 Qf7 0-1

[Event "Neckar op-A 5th"]
[Site "Deizisau"]
[Date "2001.04.15"]
[Round "7"]
[White "Lau, Udo"]
[Black "Anderberg, Peter"]
[Result "1-0"]
[WhiteElo "2187"]
[BlackElo "2071"]
[PlyCount "93"]
[EventDate "2001.04.12"]
[EventType "swiss"]
[EventRounds "9"]
[EventCountry "GER"]
[SourceTitle "CBM 081 Extra"]
[Source "ChessBase"]
[SourceDate "2001.05.06"]
[SourceVersion "1"]
[SourceVersionDate "2001.05.06"]
[SourceQuality "1"]

1. d4 d5 2. Nf3 Nc6 3. Bf4 Bg4 4. e3 e6 5. Be2 Bd6 6. Bg3 Nge7 7. Nbd2 Bxf3 8. Nxf3 Bxg3 9. hxg3 Qd6 10. c3 e5 11. Qa4 e4 12. Ne5 0-0 13. Nxc6 Qxc6 14. Qc2 f5 15. 0-0-0 Rf6 16. g4 fxg4 17. Bxg4 Raf8 18. f4 Rh6 19. Bh3 g5 20. fxg5 Rg6 21. Rdf1 Qe8 22. Qe2 Rxg5 23. Rxf8+ Kxf8 24. Rf1+ Kg7 25. Qf2 Ng8 26. Qf4 Qe7 27. Rf2 h6 28. Bf5 Nf6 29. g4 Qd6 30. Rg2 b6 31. Qf2 Ng8 32. Qh4 Ne7 33. Rf2 Nxf5 34. Rxf5 Qg6 35. Rf4 h5 36. Rf1 hxg4 37. Qf2 g3 38. Qf8+ Kh7 39. Rf7+ Qxf7 40. Qxf7+ Rg7 41. Qh5+ Kg8 42. Qxd5+ Kf8 43. Qd8+ Kf7 44. Qxc7+ Kf8 45. Qf4+ Kg8 46. Qf1 g2 47. Qg1 1-0

[Event "Nord West Cup"]
[Site "Oldenburg"]
[Date "2000.02.13"]
[Round "6"]
[White "Kolthoff, Siegmund"]
[Black "Lau, Udo"]
[Result "0-1"]
[WhiteElo "2036"]
[BlackElo "2195"]
[PlyCount "174"]
[EventDate "2000.??.??"]
[EventType "swiss"]
[EventRounds "7"]
[EventCountry "GER"]
[SourceTitle "EXT 2002"]
[Source "ChessBase"]
[SourceDate "2001.11.25"]
[SourceVersion "1"]
[SourceVersionDate "2001.11.25"]
[SourceQuality "1"]

1. Nf3 Nf6 2. c4 e6 3. g3 d5 4. d4 Be7 5. Bg2 0-0 6. 0-0 dxc4 7. Qc2 Nc6 8. Qxc4 Nd5 9. Nc3 Nb6 10. Qd3 Bf6 11. Rd1 e5 12. Ne4 Bf5 13. Nxf6+ Qxf6 14. Qb5 Bc2 15. dxe5 Nxe5 16. Bg5 Nxf3+ 17. Bxf3 Qg6 18. Rd2 Ba4 19. Qc5 c6 20. Rd6 Qc2 21. Qxc2 Bxc2 22. Rc1 Bf5 23. b3 Be6 24. Bg2 h6 25. Be3 Rfd8 26. Rdd1 Rxd1+ 27. Rxd1 Nd5 28. Bd4 Nb4 29. Rd2 Rd8 30. f4 c5 31. Bc3 Rxd2 32. Bxd2 Nxa2 33. Bxb7 Bxb3 34. Be3 c4 35. Bd5 Nb4 36. Be4 c3 37. Bxa7 c2 38. Be3 Na2 39. Bxc2 Bxc2 40. Bd2 Kf8 41. Kf2 Ke7 42. Ke3 Ke6 43. Kd4 Kf5 44. h3 h5 45. e3 Bd1 46. e4+ Ke6 47. Kd3 Kd6 48. Kd4 Be2 49. Ke3 Bf1 50. g4 hxg4 51. hxg4 Kc5 52. g5 g6 53. f5 Bh3 54. Kf4 Kd6 55. e5+ Ke7 56. e6 Bxf5 57. exf7 Kxf7 58. Ke5 Ke7 59. Kd5 Kd7 60. Kc5 Ke6 61. Kc4 Ke5 62. Kb3 Be6+ 63. Kb2 Ke4 64. Be1 Kd3 65. Ba5 Bd5 66. Be1 Be6 67. Ba5 Bf7 68. Be1 Ke2 69. Bg3 Nb4 70. Kc3 Nc6 71. Bc7 Kf3 72. Bd6 Kg4 73. Kd3 Kxg5 74. Ke3 Bd5 75. Kf2 Kf5 76. Kg1 g5 77. Kf2 Ne5 78. Bb8 Ng6 79. Kg1 Kg4 80. Bd6 Kf3 81. Bb8 Nf4 82. Bc7 Bc4 83. Bd6 g4 84. Bc7 g3 85. Bd6 Nh3+ 86. Kh1 Bf1 87. Bc5 Bg2# 0-1

[Event "Nord West Cup"]
[Site "Oldenburg"]
[Date "2000.02.12"]
[Round "4"]
[White "Teixeira, Jose"]
[Black "Lau, Udo"]
[Result "0-1"]
[WhiteElo "1761"]
[BlackElo "2195"]
[PlyCount "78"]
[EventDate "2000.??.??"]
[EventType "swiss"]
[EventRounds "7"]
[EventCountry "GER"]
[SourceTitle "EXT 2002"]
[Source "ChessBase"]
[SourceDate "2001.11.25"]
[SourceVersion "1"]
[SourceVersionDate "2001.11.25"]
[SourceQuality "1"]

1. e4 c6 2. d4 d5 3. e5 Bf5 4. g4 Bd7 5. Be3 Na6 6. f4 h5 7. f5 hxg4 8. Qxg4 Nh6 9. Bxh6 Rxh6 10. Nc3 e6 11. fxe6 Bxe6 12. Qg3 Rg6 13. Qf2 Be7 14. 0-0-0 Bh4 15. Qe2 Bg4 16. Nf3 Nc7 17. Bg2 Ne6 18. Qf1 Bg5+ 19. Kb1 Bf4 20. h4 Qe7 21. Bh3 Bxh3 22. Rxh3 0-0-0 23. Ne2 Rh8 24. Qf2 Rh5 25. Rg1 Rxg1+ 26. Qxg1 g6 27. Qg4 Qd7 28. Rh1 Be3 29. Ng3 Rh8 30. Re1 Bf2 31. Rf1 Bxg3 32. Qxg3 Ng7 33. Ng5 Nf5 34. Qa3 b6 35. Rh1 Nxd4 36. Qc3 Ne6 37. Rf1 Rxh4 38. Qg3 Rh5 39. Nxf7 Qxf7 0-1

[Event "Nord West Cup"]
[Site "Oldenburg"]
[Date "2000.02.11"]
[Round "3"]
[White "Lau, Udo"]
[Black "Petri, Norbert"]
[Result "0-1"]
[WhiteElo "2196"]
[BlackElo "1974"]
[PlyCount "56"]
[EventDate "2000.??.??"]
[EventType "swiss"]
[EventRounds "7"]
[EventCountry "GER"]
[SourceTitle "EXT 2002"]
[Source "ChessBase"]
[SourceDate "2001.11.25"]
[SourceVersion "1"]
[SourceVersionDate "2001.11.25"]
[SourceQuality "1"]

1. d4 d5 2. Nf3 e6 3. c4 c5 4. cxd5 exd5 5. Nc3 Nc6 6. g3 Nf6 7. Bg2 Be7 8. 0-0 0-0 9. dxc5 Bxc5 10. Na4 Be7 11. Be3 Re8 12. Nd4 Bg4 13. h3 Be6 14. Nxc6 bxc6 15. Nc5 Bxc5 16. Bxc5 Qd7 17. Kh2 Bf5 18. Rc1 h5 19. Bd4 Ne4 20. e3 h4 21. gxh4 c5 22. Bxe4 Rxe4 23. Rxc5 Rxh4 24. f4 Rxh3+ 25. Kg2 Be4+ 26. Kf2 Rh2+ 27. Ke1 Qh3 28. Qb3 Qg2 0-1

[Event "Oberliga Nord W 9798"]
[Site "Germany"]
[Date "1998.03.01"]
[Round "7.2"]
[White "Lau, Udo"]
[Black "Mossakowski, Florian"]
[Result "0-1"]
[WhiteElo "2255"]
[BlackElo "2175"]
[PlyCount "124"]
[EventDate "1997.10.??"]
[EventType "team"]
[EventRounds "9"]
[EventCountry "GER"]
[SourceTitle "EXT 2003"]
[Source "ChessBase"]
[SourceDate "2002.11.25"]
[SourceVersion "1"]
[SourceVersionDate "2002.11.25"]
[SourceQuality "1"]
[WhiteTeam "Salzgitter"]
[BlackTeam "Hannover Post"]
[WhiteTeamCountry "GER"]
[BlackTeamCountry "GER"]

1. d4 Nf6 2. Nf3 e6 3. g3 d5 4. Bg2 Be7 5. 0-0 0-0 6. Nbd2 b6 7. b3 Bb7 8. Bb2 Nbd7 9. Rc1 Ne4 10. c4 Nxd2 11. Nxd2 Nf6 12. Qc2 Rc8 13. c5 Bc6 14. Rfd1 Nd7 15. cxb6 cxb6 16. Qd3 Rc7 17. Nf3 Qa8 18. h4 Rfc8 19. Ng5 Nf6 20. Bh3 Bd7 21. Rxc7 Rxc7 22. Rc1 Qc8 23. Qb1 h6 24. Nf3 Bb5 25. Bf1 Ne4 26. a4 Ba6 27. Rxc7 Qxc7 28. Qd1 Bd6 29. e3 Bxf1 30. Kxf1 g5 31. hxg5 hxg5 32. Nd2 Nxd2+ 33. Qxd2 g4 34. e4 Be7 35. Qe2 Kf8 36. exd5 exd5 37. Qxg4 Qc2 38. Qe2 Qxb3 39. Bc1 Qxa4 40. Bh6+ Ke8 41. Bg5 Qc4 42. Bd2 b5 43. Ke1 Qxe2+ 44. Kxe2 b4 45. Kd3 a5 46. g4 Kd7 47. f4 a4 48. Bc1 b3 49. Kc3 Kc6 50. g5 Kb5 51. f5 Bb4+ 52. Kb2 Kc4 53. g6 a3+ 54. Kb1 a2+ 55. Ka1 Bc3+ 56. Bb2 Kd3 57. g7 Bxb2+ 58. Kxb2 a1Q+ 59. Kxa1 Kc2 60. g8Q b2+ 61. Ka2 b1Q+ 62. Ka3 Qb3# 0-1